LEADER 02329nam0 22005053i 450 001 LO10542030 005 20231121125521.0 010 $a8804486422$b3. rist. 010 $a9788804486428$bRist. 2010 100 $a20141212d2001 ||||0itac50 ba 101 | $aita$clat 102 $ait 181 1$6z01$ai $bxxxe 182 1$6z01$an 200 1 $aMenaechmi$aRudens$fPlauto$gintroduzione di Ettore Paratore$gtraduzione e note di Giovanna Faranda 210 $aMilano$cMondadori$d2001 215 $aXXXIX, 268 p.$d20 cm 225 | $aClassici greci e latini$v128 300 $aTesto orig. a fronte 410 0$1001CFI0169293$12001 $aClassici greci e latini$v128 500 10$aMenaechmi$3CFI0010414$9CFIV005503$919633 500 10$xLAT$aRudens$3UFI0206418$9CFIV005503$918496 606 $aPlauto, Tito Maccio . Rudens$xTraduzioni italiane$2FIR$3RMLC462820$9N 606 $aPlauto, Tito Maccio . Menaechmi$xTraduzioni italiane$2FIR$3RMLC462821$9N 676 $a872.01$9Poesia drammatica e letteratura drammatica latina. Periodo romano, fino al 499 ca.$v22 700 1$aPlautus$b, Titus Maccius$3CFIV005503$4070$0166580 702 1$aParatore$b, Ettore$3CFIV019191 702 1$aFaranda$b, Giovanna$3LO1V143003 790 1$aPlauto$b, Tito Maccio$3CFIV005504$zPlautus, Titus Maccius 790 0$aPlauto$3CFIV037502$zPlautus, Titus Maccius 790 1$aPlauto$b, Tito Macco$3CFIV060595$zPlautus, Titus Maccius 790 1$aPlauto$b, T. M.$3CFIV216569$zPlautus, Titus Maccius 790 1$aPlautus$b, Aulus Maccius$3SBNV005933$zPlautus, Titus Maccius 790 0$aPlautus$3SBNV036199$zPlautus, Titus Maccius 790 1$aFaranda Villa$b, Giovanna$3CFIV148101$zFaranda, Giovanna 790 1$aVilla$b, Giovanna Faranda$3SBNV071495$zFaranda, Giovanna 801 3$aIT$bIT-01$c20141212 850 $aIT-FR0017 899 $aBiblioteca umanistica Giorgio Aprea$bFR0017 912 $aLO10542030 950 0$aBiblioteca umanistica Giorgio Aprea$d 52MAG 8 Coll B 128*$e 52VM 0000162075 VM barcode:LETT3135. - Inventario:23908VM$fA $h20021129$i20121204$d 52MAG 8 Coll B 128$e 52FLS0000212615 VMB RS $fA $h20210331$i20210331 977 $a 52 996 $aRudens$918496 996 $aMenaechmi$919633 997 $aUNICAS